Statistics for Generator Puzzle #4

Click here to take the quiz!

General Stats

  • This quiz has been taken 13,525 times
  • The average score is 13 of 21

Answer Stats

HintAnswer% Correct
CouchSofa
92%
Greek cheeseFeta
88%
FrequentlyOften
88%
Spanish partyFiesta
84%
Pass outFaint
81%
Not hardSoft
78%
Extreme scarcity of foodFamine
77%
Smooth, luxurious fabricSatin
77%
Spectacular mealFeast
76%
Stone workerMason
76%
Holy personSaint
75%
Groan; whimperMoan
72%
Hospital or prison residentInmate
68%
Overrun (insects, pests)Infest
53%
Male organ of a flowerStamen
50%
Close or join securelyFasten
42%
Individual objectItem
37%
Most frothyFoamiest
35%
Highest qualityFinest
23%
So be itAmen
21%
9-letter wordMANIFESTO
15%

Score Distribution

Percentile by Number Answered

Percent of People with Each Score

Your Score History

You have not taken this quiz